000 00321 a2200157 4500
001 193062
020 _a978-85-8057-045-8
040 _cMagnum
100 _aNicholls, David
240 1 0 _aUm dia
_lpor
245 1 0 _aUm dia
300 _a411
362 0 _a2011
697 _aLITERATURA GERAL ESTRANGEIRA
942 _cBK
999 _c193062
_d193062